000 03375cam a2200385 a 4500
001 17692449
003 OSt
005 20161127092359.0
008 130410s2012 enk b 001 0 eng d
010 _a 2012454744
015 _aGBB1D1881
_2bnb
016 7 _a015969820
_2Uk
020 _a9781444145366
020 _a1444145363 (pbk.)
035 _a(OCoLC)ocn761380973
040 _aUKMGB
_beng
_cUKMGB
_dYDXCP
_dBWK
_dCLU
_dTXH
_dBWX
_dNOW
_dMYG
_dA7U
_dOCLCO
_dOCLCQ
_dDLC
042 _alccopycat
050 0 0 _aP126
_b.W73 2012
082 0 4 _a410.72
_223
_bWAP
100 1 _aWray, Alison.
_956775
245 1 0 _aProjects in linguistics and language studies :
_ba practical guide to researching language /
_cAlison Wray and Aileen Bloomer.
250 _a3rd ed.
260 _aLondon :
_bHodder Education,
_c2012.
300 _ax, 315 p. ;
_c25 cm.
500 _aPrevious ed.: published as Projects in linguistics. 2006.
504 _aIncludes bibliographical references (p. [277]-299) and index.
505 0 _aIntroduction: starting on the right foot -- Psycholinguistics -- First-language acquisition and development -- Second-language acquisition -- Structure and meaning -- Style in spoken and written texts -- Sociolinguistics -- Language and gender -- Accents and dialects of English -- History of English -- Computer-mediated communication -- Audio- and video-recorded data -- Experiments -- Questionnaires, interviews, and focus groups -- Observation and case studies -- Ethical considerations in research projects -- Transcribing speech phonetically and phonemically -- Transcribing speech orthographically -- Using computers to study texts -- Statistics and your project -- How to reference -- Plagiarism and how to avoid it -- Handy hints on writing good academic English -- Hints on giving a good oral presentation.
520 _aProjects in Linguistics and Language Studies, Third Edition, is your essential guide when embarking on a research project in linguistics or English language. This third edition is clearly divided into the subject areas that most appeal to you as a student: psycholinguistics; first- and second-language acquisition; structure and meaning; sociolinguistics; language and gender; accents and dialects; and the history of English. New to this edition is a chapter on computer-mediated communication (CMC), to help you get to grips with how the latest technology can make your project even more of a success. This third edition of Projects in Linguistics and Language Studies offers you practical advice on: Identifying a topic ; Making your background reading even more effective -planning and designing a project ; Collecting and analysing data ; Writing up and presenting your findings. With over 320 project ideas that you can use directly or adapt to suit different contexts and interests, and with chapters on how to reference effectively and how to avoid plagiarism, this third edition of Projects in Linguistics and Language Studies is a reference guide that you will use again and again during your studies.
650 0 _aLinguistics
_xResearch
_xMethodology.
_956776
700 1 _aBloomer, Aileen,
_d1947-
_956777
700 1 _aWray, Alison.
_tProjects in linguistics.
_956778
906 _a7
_bcbc
_ccopycat
_d2
_encip
_f20
_gy-gencatlg
942 _2ddc
_cBOOK
999 _c39835
_d274335